000 00749nam a2200265 i 4500
001 16702
003 ES-MaACL
005 20230906151358.0
007 t|
008 001026s1992 ag ||||1| spa d
020 _a950-12-6677-X
080 _a159.954
080 _a536.46(0:82)
100 1 _aBachelard, Gaston.
_924466
245 1 0 _aFragmentos de una poética del fuego /
_cGaston Bachelard.
250 _a1ª ed.
260 _aBuenos Aires :
_bPaidós SAICF,
_c1992.
300 _a190 p. ;
_c19 cm.
490 1 _aPaidós studio ;
_v77
650 1 4 _aImaginación.
_913598
650 1 4 _aFuego en la literatura.
_912989
830 0 _aPaidós studio ;
_v77
_9178141
852 _aES-MaACL
_jL-23731
_bR.128640
999 _c16702
_d16702